00213nam a2200073Ia 4500082001900000245003300019100004600052008004100098 a641.56314 JONE 0aPule and Pulane on the farm  a Makgeledise, Rebone Centurion, (2008) 210817s9999 xx 000 0 und d